000 01064nam a2200229 i 4500
001 184706
003 ES-MaACL
005 20250902131140.0
008 151116s1919 sp |||| | spa d
245 0 0 _aGobernación del Tucumán
_b: probanzas de méritos y servicios de los conquistadores : documentos del Archivo de Indias /
_cpublicación dirigida por D. Roberto Levillier ; prólogo de D. Rufino Blanco-Fondona.
260 _aBuenos Aires :
_bMunicipalidad,
_c1919.
300 _a2 v. ;
_c24 cm.
490 1 _aColección de Publicaciones Históricas de la Biblioteca del Congreso Argentino
505 8 _aContiene: 1. 1548-1583 -- 2. 1583-1600
651 4 _aTucumán (Gobernación)-
_xHistoria.
_9151017
651 4 _aArgentina-
_xHistoria-
_y1591-1810, Época colonial.
_9156531
700 1 _aLevillier, Roberto,
_d1886-1969
_971965
700 1 _aBlanco Fombona, Rufino,
_d1874-1944
_929251
830 0 _aColección de Publicaciones Históricas de la Biblioteca del Congreso Argentino
_9192228
852 _aES-MaACL
_jC-7174-75
999 _c184706
_d184706